000 00339nam a2200145Ia 4500
005 20251222153643.0
008 251222s9999||||xx |||||||||||||| ||spa||
020 _a843969105X
082 _a813.6/R71
100 _aRoberts, Nora
245 0 _aSombra Nocturna
250 _a1ra. ed.
264 _bHarlequin Ibérica, S. A.
942 _cLIB
999 _c32800
_d32800